¿Porqué tan vulnerables

Sparad:
Bibliografiska uppgifter
Materialtyp: Text
Taggar: Lägg till en tagg
Inga taggar, Lägg till första taggen!

MARC

LEADER 00000 a a2200000 04500
001 12852
003
040
245 |a ¿Porqué tan vulnerables  
773 |g volumen 29, número 9; páginas 9-15  
999 |c 31733  |d 31733